000
00307nam a2200133Ia 4500
008
190216s9999||||xx |||||||||||||| ||und||
100
_a
Abdulla T
245
0
_a
Banking Theory And Practice
250
_a
1st Ed.
260
_b
Moohim Publicaion
_c
1980
300
_a
455
650
_a
Economics
942
_c
BK
999
_c
11531
_d
11531